000 00548nam a2200181Ia 4500
008 090711s9999 xx 000 0 und d
082 _b64732
100 _aरेड्डी केशव
245 _aक्षुद्रदेवता
260 _c1990
300 _a106
600 _aरेड्डी केशव
630 _aक्षुद्रदेवता
700 _aरेड्डी केशव
700 _aकोरबा अरविंद
730 _aक्षुद्रदेवता
942 _cBOOK
999 _c298773
_d298773